00649nam a2200217 a 4500001001300000003000900013005001700022008004100039020001000080082001300090100002500103245008000128260002700208300000700235500003500242505001000277902000800287942000700295952011400302999001500416nice12345678IN_TiNIC20260116012619.0050524s1973 amea grp 000 0 urd  ac10000a201bMIL aMiller, D W Macalavi aSamuel M. Zwemerb Ek Azeem Shahr Afaq Mufakkir Muhaqiq, Musannif, Muqarir, aAmericabT M R Ec1973 a8p aincludes index and biblioraphy2 aNotes bSRS cBK 001040708StackRoom-aHMIbHMId2007-03-19g100.00l0o201 MILp012464r2007-03-19v100.00w2005-05-24yBK c7678d7678